Проектирование сайта портфолио фотографа; Современные проблемы машиностроения

Detaylı Bibliyografya
Parent link:Современные проблемы машиностроения.— 2022.— [С. 310-311]
Yazar: Мячин Д. А.
Müşterek Yazar: Национальный исследовательский Томский политехнический университет Инженерная школа новых производственных технологий Отделение машиностроения
Diğer Yazarlar: Кухта М. С. Мария Сергеевна (научный руководитель)
Özet:Заглавие с экрана
Dil:Rusça
Baskı/Yayın Bilgisi: 2022
Seri Bilgileri:Дизайн и проектирование в машиностроении
Konular:
Online Erişim:http://earchive.tpu.ru/handle/11683/74455
Materyal Türü: Elektronik Kitap Bölümü
KOHA link:https://koha.lib.tpu.ru/cgi-bin/koha/opac-detail.pl?biblionumber=635408

MARC

LEADER 00000naa2a2200000 4500
001 635408
005 20231101133847.0
035 |a (RuTPU)RU\TPU\conf\37261 
035 |a RU\TPU\conf\37260 
090 |a 635408 
100 |a 20230118a2022 k y0rusy50 ca 
101 0 |a rus 
102 |a RU 
105 |a y z 100zy 
135 |a drgn ---uucaa 
181 0 |a i  
182 0 |a b 
200 1 |a Проектирование сайта портфолио фотографа  |f Д. А. Мячин  |g науч. рук. М. С. Кухта 
203 |a Текст  |c электронный 
225 1 |a Дизайн и проектирование в машиностроении 
230 |a 1 компьютерный файл (pdf; 51 Kb) 
300 |a Заглавие с экрана 
320 |a [Библиогр.: с. 311 (2 назв.)] 
463 0 |0 (RuTPU)RU\TPU\conf\37109  |t Современные проблемы машиностроения  |o сборник трудов XV Международной научно-технической конференции, г. Томск, 22-25 ноября 2022 г.  |f Национальный исследовательский Томский политехнический университет (ТПУ) ; ред. кол. Е. Н. Пашков [и др.]  |v [С. 310-311]  |d 2022 
610 1 |a электронный ресурс 
610 1 |a труды учёных ТПУ 
610 1 |a проектирование 
610 1 |a сайты 
610 1 |a портфолио 
610 1 |a фотографы 
610 1 |a веб-сайты 
700 1 |a Мячин  |b Д. А. 
702 1 |a Кухта  |b М. С.  |c специалист в области промышленного дизайна  |c профессор Томского политехнического университета, доктор философских наук  |f 1963-  |g Мария Сергеевна  |2 stltpush  |4 727 
712 0 2 |a Национальный исследовательский Томский политехнический университет  |b Инженерная школа новых производственных технологий  |b Отделение машиностроения  |h 8881  |2 stltpush  |3 (RuTPU)RU\TPU\col\27843 
801 2 |a RU  |b 63413507  |c 20230126  |g RCR 
856 4 |u http://earchive.tpu.ru/handle/11683/74455 
942 |c BK